000
00344nam a22001457a 4500
008
231124b ||||| |||| 00| 0 eng d
020
_a
9780465027859
041
_a
eng
080
_a
618
082
_a
618GRE
100
_a
15
101
_a
GJINEK
245
_a
WHY WOMEN ARE EMBRACING TH ENEW LATER MOTHERHOOD
_c
GREGORY .E
942
_2
udc
_c
BK
999
_c
60517
_d
60517